000
00269nam a2200097Ia 4500
082
_a
920 LEVY
245
0
_a
Radical engagements : a life in exile
100
_a
LEVY, Lorna Auckland Park, 2009
_9
77324
942
_c
BK
008
210817s9999 xx 000 0 und d
999
_c
323745
_d
323745